| 000 | 00386nam a2200157Ia 4500 | ||
|---|---|---|---|
| 003 | IT-RoPAU | ||
| 008 | 120407s9999 xx 000 0 und d | ||
| 040 | _aIT-RoPAU | ||
| 040 | _cIT-RoPAU | ||
| 245 | _aAnnuario della CEI 1985-86, 1986-87, 1987-88, 1988-89, 1990-91, 1992, 1993, 1994,1997, 2002 | ||
| 245 | _cAA.VV. | ||
| 260 | _aCei | ||
| 300 | _c cm | ||
| 490 | _v10 | ||
| 942 | _cBK | ||
| 999 |
_c1676 _d1676 |
||